[Event "Penang op 15th"]
[Site "Penang"]
[Date "2023.12.21"]
[Round "7"]
[White "Rajasa, Muhammad Andi"]
[Black "Loo, Pin Xie"]
[Result "1/2-1/2"]
[WhiteElo "1849"]
[BlackElo "2043"]
[PlyCount "119"]
[EventDate "2023.12.18"]
[EventType "swiss"]
[EventRounds "9"]
[EventCountry "MAS"]
[SourceTitle "CB52_2023"]
[SourceDate "2023.12.27"]
[SourceVersion "1"]
[SourceVersionDate "2023.12.27"]
[SourceQuality "1"]

1. d4 f5 2. e4 fxe4 3. Nc3 Nf6 4. Bg5 Nc6 5. Bc4 d5 6. Bxf6 dxc4 7. d5 exf6 8. dxc6 Qxd1+ 9. Rxd1 Bb4 10. cxb7 Bxc3+ 11. bxc3 Bxb7 12. Ne2 0-0 13. 0-0 Rfd8 14. Nd4 Kf7 15. Nb5 a6 16. Nd4 Rd7 17. h4 g6 18. Rb1 c5 19. Ne2 Bc6 20. Ng3 f5 21. Rfc1 Bb5 22. Nf1 Rad8 23. g3 g5 24. hxg5 Kg6 25. Ne3 Kxg5 26. Ra1 Rb7 27. a4 Be8 28. Nxc4 Bh5 29. Kf1 f4 30. Re1 Bf3 31. a5 h5 32. Ne5 fxg3 33. fxg3 Rf8 34. Re3 Rb2 35. Rc1 Ra2 36. Nc4 Rf6 37. Kf2 Bd1+ 38. Kg1 Bf3 39. Nd2 Rxa5 40. Rf1 Rf5 41. Nxe4+ Bxe4 42. Rxe4 Ra2 43. Rc4 a5 44. Rxf5+ Kxf5 45. Kg2 Rxc2+ 46. Kh3 Re2 47. Rxc5+ Re5 48. Rc4 Ke6 49. Ra4 Rc5 50. Kh4 Kd6 51. g4 hxg4 52. Kxg4 Ke5 53. Kg5 Kd5 54. Kf5 Kc6+ 55. Ke4 Kb5 56. Ra3 Kc4 57. Ke3 Rb5 58. Kd2 Rg5 59. Kc2 Rg2+ 60. Kb1 1/2-1/2

[Event "Asia IPCA-ch U20 Online"]
[Site "Tornelo INT"]
[Date "2022.06.25"]
[Round "3"]
[White "Jamali, Pouria"]
[Black "Loo, Pin Xie"]
[Result "0-1"]
[WhiteElo "1774"]
[BlackElo "1624"]
[PlyCount "110"]
[EventDate "2022.06.24"]
[EventType "swiss"]
[EventRounds "7"]
[EventCountry "NET"]
[SourceTitle "EXT 2023"]
[Source "ChessBase"]
[SourceDate "2022.10.05"]
[SourceVersion "1"]
[SourceVersionDate "2022.10.05"]
[SourceQuality "1"]

1. e4 c5 2. c3 d5 3. exd5 Qxd5 4. d4 Nc6 5. Nf3 Bg4 6. Nbd2 e6 7. Bc4 Qd7 8. h3 Bxf3 9. Nxf3 cxd4 10. Nxd4 Nxd4 11. Qxd4 Qxd4 12. cxd4 Bb4+ 13. Ke2 Rd8 14. Be3 a6 15. Rhd1 Ne7 16. a3 Ba5 17. Bg5 f6 18. Bh4 Nf5 19. Bg3 Nxd4+ 20. Kf1 b5 21. Ba2 Kf7 22. Rac1 Rhe8 23. b4 Bb6 24. Re1 Rc8 25. Bb1 g6 26. Be4 a5 27. Bb7 Rxc1 28. Rxc1 axb4 29. axb4 Re7 30. Be4 f5 31. Bd3 e5 32. f3 e4 33. fxe4 fxe4 34. Be2 Ke6 35. Ke1 Kd5 36. Rd1 Kc6 37. Rc1+ Kb7 38. Bd6 Re6 39. Bc5 Nb3 40. Rc2 Bxc5 41. bxc5 Kc6 42. Rb2 Nd4 43. Bg4 Re5 44. Rd2 Kxc5 45. Ra2 h5 46. Bd1 Kb4 47. Rb2+ Kc3 48. Rb1 e3 49. Be2 Nc2+ 50. Kf1 b4 51. Rd1 b3 52. g4 b2 53. Bd3 e2+ 54. Bxe2 Ne3+ 55. Ke1 Nxd1 0-1

[Event "Eastern Asia-ch U16"]
[Site "Tornelo INT"]
[Date "2021.10.31"]
[Round "9"]
[White "Loo, Pin Xie"]
[Black "Huang, Hsuan Chen"]
[Result "1-0"]
[WhiteElo "1593"]
[BlackElo "1179"]
[PlyCount "107"]
[EventDate "2021.10.29"]
[EventType "swiss"]
[EventRounds "9"]
[EventCountry "NET"]
[SourceTitle "CBM 205 Extra"]
[Source "ChessBase"]
[SourceDate "2022.01.31"]
[SourceVersion "1"]
[SourceVersionDate "2022.01.31"]
[SourceQuality "1"]

1. e4 c5 2. Nc3 e6 3. g3 Nf6 4. Bg2 Nc6 5. Nge2 d5 6. d3 d4 7. Nb1 e5 8. h3 Be6 9. 0-0 Qd7 10. Kh2 h5 11. f4 exf4 12. gxf4 Qc7 13. Kh1 0-0-0 14. Na3 Qe7 15. f5 Bd7 16. Bf4 Ne5 17. Bxe5 Qxe5 18. Nc4 Qc7 19. e5 Nh7 20. a4 Bc6 21. Ng3 Ng5 22. h4 Nh7 23. Qxh5 Be7 24. Qg4 Bxh4 25. Nh5 Bg5 26. Kg1 f6 27. Bxc6 Qxc6 28. Nd6+ Rxd6 29. exd6 Be3+ 30. Kh2 Ng5 31. Rh1 Qxd6+ 32. Kg2 Qd5+ 33. Kh2 Qe5+ 34. Kg2 Qd5+ 35. Kh2 Nf3+ 36. Kg3 Ne5 37. Qe4 Qd6 38. Nf4 Re8 39. Kg2 Bxf4 40. Qxf4 Qb6 41. b3 Nf7 42. Rae1 Qc6+ 43. Qf3 Qxf3+ 44. Kxf3 Ne5+ 45. Kg3 Kd7 46. Rh7 Re7 47. Rg1 Nc6 48. Kf2 Re5 49. Rgxg7+ Ne7 50. Kg2 Kd6 51. Rf7 Nxf5 52. Rxf6+ Kd5 53. Rd7+ Nd6 54. Rdxd6# 1-0

[Event "Eastern Asia-ch U16"]
[Site "Tornelo INT"]
[Date "2021.10.30"]
[Round "5"]
[White "Loo, Pin Xie"]
[Black "Amarathunga, Kosala Sandeepa Cha"]
[Result "0-1"]
[WhiteElo "1593"]
[BlackElo "1071"]
[PlyCount "116"]
[EventDate "2021.10.29"]
[EventType "swiss"]
[EventRounds "9"]
[EventCountry "NET"]
[SourceTitle "CBM 205 Extra"]
[Source "ChessBase"]
[SourceDate "2022.01.31"]
[SourceVersion "1"]
[SourceVersionDate "2022.01.31"]
[SourceQuality "1"]

1. e4 e6 2. d4 d5 3. exd5 exd5 4. c4 dxc4 5. Bxc4 Bd6 6. Ne2 Nf6 7. 0-0 0-0 8. Nbc3 Nc6 9. h3 h6 10. Be3 Bf5 11. Qd2 Re8 12. a3 a6 13. Rad1 Qd7 14. Bf4 Bf8 15. Bd3 Ne4 16. Nxe4 Bxe4 17. Nc3 Bxd3 18. Qxd3 Rad8 19. d5 Ne7 20. Qf3 Ng6 21. Be3 Bd6 22. Bd4 Be5 23. Bxe5 Rxe5 24. Rfe1 Rg5 25. Re4 f5 26. Red4 f4 27. Kh1 Nh4 28. Qxf4 Nxg2 29. Qh2 Qf5 30. Rg1 Qxf2 31. Re4 Rf8 32. Re2 Qf3 33. Rexg2 Rh5 34. h4 Rf4 35. Qxf4 Qxf4 36. Rxg7+ Kf8 37. Rg8+ Ke7 38. R1g7+ Kd6 39. Rg6+ Kc5 40. Rg4 Rxh4+ 41. Rxh4 Qxh4+ 42. Kg2 Qd4 43. Kh2 Qf4+ 44. Kh3 Kb6 45. Rg4 Qf1+ 46. Kh2 Ka7 47. Rg2 h5 48. Ne2 Qf6 49. Nc3 h4 50. Rg4 Qf2+ 51. Rg2 Qf3 52. a4 h3 53. Re2 Kb6 54. Rc2 Qd3 55. Rf2 Ka7 56. Rf7 Kb6 57. Rf6+ Kc5 58. Rf7 Qd2+ 0-1

[Event "Eastern Asia-ch U16"]
[Site "Tornelo INT"]
[Date "2021.10.29"]
[Round "3"]
[White "Loo, Pin Xie"]
[Black "Hardik, Madan"]
[Result "0-1"]
[WhiteElo "1593"]
[BlackElo "1130"]
[PlyCount "132"]
[EventDate "2021.10.29"]
[EventType "swiss"]
[EventRounds "9"]
[EventCountry "NET"]
[SourceTitle "CBM 205 Extra"]
[Source "ChessBase"]
[SourceDate "2022.01.31"]
[SourceVersion "1"]
[SourceVersionDate "2022.01.31"]
[SourceQuality "1"]

1. e4 d6 2. Nc3 Nf6 3. g3 Nbd7 4. Bg2 e5 5. d3 Be7 6. Nge2 0-0 7. 0-0 c6 8. h3 b5 9. a3 a5 10. f4 Nc5 11. f5 d5 12. g4 dxe4 13. dxe4 Qxd1 14. Rxd1 h6 15. Ng3 Ba6 16. Be3 b4 17. axb4 axb4 18. Na4 Nxa4 19. Rxa4 Bb5 20. Raa1 Rfd8 21. Rxd8+ Rxd8 22. Ra7 Bf8 23. Bf3 Nd7 24. Kg2 Bc5 25. Rxd7 Rxd7 26. Bxc5 Rd2+ 27. Kg1 Rxc2 28. Bxb4 Rxb2 29. Bd6 f6 30. Nf1 Rb1 31. Bg2 Re1 32. Bb4 Rb1 33. Bd2 Rd1 34. Be3 Re1 35. Kf2 Ra1 36. Nd2 Ra2 37. Bf1 Bxf1 38. Kxf1 Ra1+ 39. Kg2 Ra2 40. Kf3 Kf7 41. Nf1 Ra3 42. Ke2 Ra2+ 43. Bd2 c5 44. Kd3 Ra1 45. Ne3 Rh1 46. Kc4 Rxh3 47. Kxc5 Rh2 48. Nc4 Rg2 49. Kd6 Rxg4 50. Kd7 Kg8 51. Nd6 h5 52. Be1 h4 53. Bxh4 Rxh4 54. Ke7 Rh1 55. Ke8 Ra1 56. Nc8 Ra8 57. Kd7 Rxc8 58. Kxc8 g5 59. fxg6 f5 60. exf5 e4 61. f6 e3 62. Kd7 e2 63. f7+ Kf8 64. Ke6 e1Q+ 65. Kf6 Qa1+ 66. Kf5 Qg7 0-1

[Event "Online Olym Disabilities"]
[Site "Tornelo INT"]
[Date "2020.11.22"]
[Round "2.28"]
[White "Loo, Pin Xie"]
[Black "Husain, Ejaz"]
[Result "0-1"]
[WhiteElo "1571"]
[BlackElo "1952"]
[PlyCount "126"]
[EventDate "2020.11.21"]
[EventType "team-swiss (rapid)"]
[EventRounds "7"]
[EventCountry "NET"]
[SourceTitle "CBM 199 Extra"]
[Source "ChessBase"]
[SourceDate "2021.01.31"]
[SourceVersion "1"]
[SourceVersionDate "2021.01.31"]
[SourceQuality "1"]
[WhiteTeam "Malaysia"]
[BlackTeam "Bangladesh"]
[WhiteTeamCountry "MAS"]
[BlackTeamCountry "BAN"]

1. e4 c5 2. Nc3 e6 3. g3 Nc6 4. Bg2 g6 5. f4 b6 6. d3 Bg7 7. Nf3 Nge7 8. 0-0 0-0 9. h3 Rb8 10. e5 d6 11. exd6 Qxd6 12. Ne4 Qc7 13. Rb1 Bb7 14. Bd2 Nd4 15. c3 Nxf3+ 16. Bxf3 Rbd8 17. Qe2 Ba6 18. c4 Qd7 19. Nf2 Bxc4 20. dxc4 Qxd2 21. Qe4 Rd4 22. Qb7 Rd7 23. Qe4 Bd4 24. Kg2 Nf5 25. Be2 Ne3+ 26. Kf3 Nxf1 27. Rxf1 Bxf2 28. Kxf2 Qd4+ 29. Qxd4 Rxd4 30. Ke3 Rfd8 31. a3 Rd2 32. b4 Ra2 33. bxc5 Rxa3+ 34. Kf2 bxc5 35. Rb1 Rd2 36. Ke1 Raa2 37. Bf1 Rdc2 38. Kd1 Rcb2 39. Rc1 Ra3 40. g4 Rf3 41. Ke1 Rxf4 42. Ra1 Rb7 43. Kd2 Rd4+ 44. Kc3 Rc7 45. Ra5 f6 46. Rxc5 Rxc5 47. Kxd4 Rc8 48. c5 a5 49. Bb5 Kf7 50. c6 Ke7 51. Kc5 f5 52. Kb6 Rb8+ 53. Kxa5 Rxb5+ 54. Kxb5 Kd8 55. Kb6 Kc8 56. gxf5 exf5 57. Kc5 Kc7 58. Kd5 g5 59. Ke5 f4 60. Ke4 Kxc6 61. h4 h6 62. Kd4 Kd6 63. Ke4 Ke6 0-1

[Event "Penang op 11th"]
[Site "Penang"]
[Date "2019.12.11"]
[Round "4"]
[White "Loo, Pin Xie"]
[Black "Wu, Yixing"]
[Result "1/2-1/2"]
[WhiteElo "1500"]
[BlackElo "1767"]
[PlyCount "111"]
[EventDate "2019.12.09"]
[EventType "swiss"]
[EventRounds "9"]
[EventCountry "MAS"]
[SourceTitle "CBM 193 Extra"]
[Source "ChessBase"]
[SourceDate "2020.01.31"]
[SourceVersion "1"]
[SourceVersionDate "2020.01.31"]
[SourceQuality "1"]

1. e4 c5 2. Nc3 d6 3. f4 Nc6 4. Nf3 g6 5. Bc4 Bg7 6. d3 e6 7. 0-0 Nge7 8. Qe1 0-0 9. Qg3 Nd4 10. Nxd4 Bxd4+ 11. Kh1 a6 12. a4 Bg7 13. Qh3 f5 14. Ne2 Kh8 15. Rd1 e5 16. Qg3 Nc6 17. c3 Rb8 18. Ng1 b5 19. axb5 axb5 20. Bd5 Ne7 21. Nf3 Nxd5 22. exd5 Bb7 23. fxe5 dxe5 24. Nxe5 Qxd5 25. Nf3 Rbe8 26. Qf2 Rf7 27. Bf4 Rfe7 28. Rd2 Bf6 29. h3 Kg7 30. Bg5 Bxg5 31. Nxg5 h6 32. Nf3 Re3 33. d4 c4 34. Ne5 Rxh3+ 35. Kg1 Rh5 36. Re2 Rg5 37. Kf1 Qe6 38. Ra7 Re7 39. Nf3 Be4 40. Nxg5 hxg5 41. Rxe7+ Qxe7 42. Kg1 Qd6 43. Qe3 Kf6 44. Rf2 Qd5 45. Qh3 Qd8 46. Qe3 Qd5 47. Qe1 Qa8 48. g3 g4 49. Rf1 Kg7 50. Qe3 Qh8 51. Qf4 Qh1+ 52. Kf2 Qg2+ 53. Ke1 Qxb2 54. Qe5+ Kg8 55. Qe8+ Kg7 56. Qe7+ 1/2-1/2

[Event "Penang op 11th"]
[Site "Penang"]
[Date "2019.12.10"]
[Round "3"]
[White "Liu, Meng"]
[Black "Loo, Pin Xie"]
[Result "1/2-1/2"]
[WhiteElo "1738"]
[BlackElo "1500"]
[PlyCount "140"]
[EventDate "2019.12.09"]
[EventType "swiss"]
[EventRounds "9"]
[EventCountry "MAS"]
[SourceTitle "CBM 193 Extra"]
[Source "ChessBase"]
[SourceDate "2020.01.31"]
[SourceVersion "1"]
[SourceVersionDate "2020.01.31"]
[SourceQuality "1"]

1. d4 f5 2. Nc3 Nf6 3. Bg5 d5 4. Bxf6 exf6 5. e3 Be6 6. Bd3 Qd7 7. Qf3 Nc6 8. a3 0-0-0 9. Nge2 g5 10. g3 Kb8 11. 0-0-0 Be7 12. h3 a6 13. Rdg1 h5 14. h4 Qe8 15. Rh2 g4 16. Qg2 Bd6 17. Rhh1 Qf7 18. Nf4 Bxf4 19. gxf4 Rhe8 20. Ne2 Bc8 21. Ng3 Ne7 22. Qf1 Rd6 23. Qe2 Be6 24. c3 Rc8 25. Qc2 Qh7 26. Kd2 c5 27. dxc5 Rxc5 28. Qb1 Rc8 29. Rd1 Rcd8 30. Ne2 Nc6 31. Nd4 Nxd4 32. cxd4 Rc6 33. Rc1 Rdc8 34. Rxc6 Rxc6 35. Rc1 Rxc1 36. Qxc1 Qc7 37. Qc5 Qd8 38. b4 Bc8 39. Kc3 b6 40. Qc6 Qc7 41. Qxc7+ Kxc7 42. a4 Kd6 43. Kd2 Ke7 44. Ke1 Kf7 45. Kf1 Kg6 46. Kg2 Bb7 47. Kg3 Bc8 48. Be2 Bb7 49. Kh2 Bc8 50. Bd3 Bb7 51. Kg3 Bc8 52. f3 gxf3 53. Kxf3 Bb7 54. Ke2 Bc8 55. Kd2 Bb7 56. Kc3 Bc8 57. Be2 Bb7 58. Bd1 Bc6 59. b5 axb5 60. axb5 Bb7 61. Bc2 Bc8 62. Kb4 Bb7 63. Bd1 Bc8 64. Bf3 Bb7 65. Bg2 Ba6 66. Bh3 Bb7 67. Kc3 Bc8 68. Kd3 Bb7 69. Bg2 Ba8 70. Bh3 Bb7 1/2-1/2

[Event "Penang Mini op 2nd"]
[Site "Penang"]
[Date "2019.06.09"]
[Round "9"]
[White "Ricnesh, Ravind GN"]
[Black "Loo, Pin Xie"]
[Result "1/2-1/2"]
[WhiteElo "1487"]
[BlackElo "1505"]
[PlyCount "99"]
[EventDate "2019.06.05"]
[EventType "swiss"]
[EventRounds "9"]
[EventCountry "MAS"]
[SourceTitle "CBM 190 Extra"]
[Source "ChessBase"]
[SourceDate "2019.07.15"]
[SourceVersion "1"]
[SourceVersionDate "2019.07.15"]
[SourceQuality "1"]

1. e4 c5 2. Nf3 Nc6 3. c3 d5 4. exd5 Qxd5 5. d4 Bg4 6. Be2 e6 7. 0-0 Nf6 8. Be3 cxd4 9. cxd4 Be7 10. Nc3 Qa5 11. Qb3 Qb4 12. Qxb4 Bxb4 13. Rfd1 0-0 14. d5 exd5 15. Nxd5 Nxd5 16. Rxd5 Rad8 17. Rad1 Be7 18. b3 h6 19. h3 Be6 20. R5d2 Rxd2 21. Nxd2 b6 22. Bc4 Bxc4 23. Nxc4 Rd8 24. Rxd8+ Bxd8 25. Kf1 Kf8 26. Ke2 Nb4 27. Ne5 Bc7 28. Bd2 Bxe5 29. Bxb4+ Ke8 30. Kd3 Kd7 31. Ke4 Ke6 32. g4 g6 33. Bd2 Bg7 34. Bf4 b5 35. a4 a6 36. axb5 axb5 37. f3 f5+ 38. gxf5+ gxf5+ 39. Kd3 h5 40. Be3 Kd5 41. Bf2 Bf6 42. Be3 Be5 43. Bf2 Bf6 44. Be3 Be5 45. Bf2 Bg7 46. Be3 Be5 47. Bf2 Bf4 48. Kc3 Bd6 49. Kd3 Be5 50. Be3 1/2-1/2

[Event "Penang Mini op 2nd"]
[Site "Penang"]
[Date "2019.06.06"]
[Round "4"]
[White "Teh, Rui Zhe"]
[Black "Loo, Pin Xie"]
[Result "0-1"]
[WhiteElo "1406"]
[BlackElo "1505"]
[PlyCount "122"]
[EventDate "2019.06.05"]
[EventType "swiss"]
[EventRounds "9"]
[EventCountry "MAS"]
[SourceTitle "CBM 190 Extra"]
[Source "ChessBase"]
[SourceDate "2019.07.15"]
[SourceVersion "1"]
[SourceVersionDate "2019.07.15"]
[SourceQuality "1"]

1. e4 c5 2. Nf3 Nc6 3. d4 cxd4 4. Nxd4 g6 5. Nc3 Bg7 6. Be3 Nf6 7. Bc4 Qa5 8. 0-0 0-0 9. Bb3 d6 10. h3 Bd7 11. f4 Rac8 12. Nd5 Nxd5 13. exd5 Nxd4 14. Bxd4 Bf5 15. Bxg7 Kxg7 16. c3 Rc7 17. Re1 Re8 18. Qd4+ Kg8 19. Re3 Qc5 20. Qxc5 Rxc5 21. Rae1 Kf8 22. g4 Bc8 23. g5 b6 24. Kf2 Bb7 25. c4 b5 26. cxb5 Bxd5 27. Bxd5 Rxd5 28. a4 Rd4 29. Re4 Rxe4 30. Rxe4 Rc8 31. b4 e6 32. h4 Ke7 33. a5 Rb8 34. Rc4 Kd7 35. Rc6 Rxb5 36. Ra6 Rb7 37. Ke3 Kc7 38. Kd3 Rxb4 39. Rxa7+ Rb7 40. Rxb7+ Kxb7 41. Kc4 Kc6 42. Kb4 d5 43. Kc3 Kb5 44. Kd4 Kxa5 45. Ke5 Kb6 46. Kf6 d4 47. Kxf7 d3 48. Kg7 d2 49. Kxh7 d1Q 50. Kxg6 Qg4 51. Kf6 Qxf4+ 52. Kxe6 Qxh4 53. g6 Qg5 54. Kf7 Qf5+ 55. Kg7 Kc6 56. Kh6 Kd7 57. g7 Qf6+ 58. Kh7 Qf7 59. Kh8 Qh5+ 60. Kg8 Ke6 61. Kf8 Qf7# 0-1

[Event "Penang Mini op 2nd"]
[Site "Penang"]
[Date "2019.06.05"]
[Round "1"]
[White "Loo, Pin Xie"]
[Black "Villanueva, Nelson"]
[Result "0-1"]
[WhiteElo "1505"]
[BlackElo "2103"]
[PlyCount "172"]
[EventDate "2019.06.05"]
[EventType "swiss"]
[EventRounds "9"]
[EventCountry "MAS"]
[SourceTitle "CBM 190 Extra"]
[Source "ChessBase"]
[SourceDate "2019.07.15"]
[SourceVersion "1"]
[SourceVersionDate "2019.07.15"]
[SourceQuality "1"]

1. e4 c6 2. d4 d5 3. e5 g6 4. Bd3 Bg7 5. f4 h5 6. Nf3 Nh6 7. c3 Bf5 8. 0-0 Bxd3 9. Qxd3 e6 10. Na3 Qb6 11. Nc2 Nf5 12. b3 c5 13. Ne3 Bf8 14. Nxf5 gxf5 15. Be3 Nc6 16. Kh1 cxd4 17. Nxd4 Bc5 18. Nxc6 Qxc6 19. Bxc5 Qxc5 20. Qd4 Rc8 21. Rfc1 Rg8 22. g3 h4 23. Kg2 Rg4 24. Qxc5 Rxc5 25. Rc2 Ke7 26. Rac1 hxg3 27. hxg3 Rg8 28. Kf3 Rgc8 29. Ke3 b5 30. Kd3 Rg8 31. Rg1 f6 32. Kd4 Rc7 33. Re2 fxe5+ 34. Rxe5 Kd6 35. Re3 Rh7 36. Rge1 Rg6 37. R1e2 Rh1 38. Rd3 Rg1 39. Ree3 Rc1 40. Re2 Rh6 41. Rdd2 Rh3 42. Rg2 Rhh1 43. Kd3 Rhf1 44. Rc2 Rf3+ 45. Kd2 Rxc2+ 46. Kxc2 a5 47. Kd2 b4 48. cxb4 axb4 49. Ke2 Rc3 50. Kd2 d4 51. g4 fxg4 52. Rxg4 Rf3 53. Ke2 Rh3 54. Rg5 Rh2+ 55. Kd3 Rxa2 56. Kxd4 Rf2 57. Rg4 Rc2 58. Rg3 Rc1 59. Rd3 Kc6 60. Re3 Kd6 61. Rd3 Rc7 62. Re3 Rc2 63. Rd3 Rc1 64. Ke3+ Kc5 65. Kd2 Rf1 66. Re3 Kd5 67. Re5+ Kd4 68. Rxe6 Rf2+ 69. Re2 Rxf4 70. Kc2 Re4 71. Rd2+ Ke3 72. Rh2 Rg4 73. Rd2 Rg8 74. Rh2 Rc8+ 75. Kb2 Re8 76. Kc2 Rc8+ 77. Kb2 Rf8 78. Rh3+ Rf3 79. Rh8 Rf2+ 80. Kb1 Kd3 81. Rc8 Re2 82. Rc4 Re4 83. Rc2 Re1+ 84. Ka2 Ra1+ 85. Kxa1 Kxc2 86. Ka2 Kc3 0-1